<The> Governance of Land Use in the Czech Republic <The> Case of Prague

Enregistré dans:
Détails bibliographiques
Format: Livre
Langue:anglais
Publié: Paris OECD 2017
Sujets:
Tags: Ajouter un tag
Pas de tags, Soyez le premier à ajouter un tag!

MARC

LEADER 00000nam a2200000 4500
001 0241313
005 20240314122955.3
020 |a 978-92-64-28151-6 
041 0 |a eng 
044 |a FR 
245 1 0 |a <The> Governance of Land Use in the Czech Republic  |b <The> Case of Prague 
264 1 |a Paris  |b OECD  |c 2017 
300 |a 161 s. 
610 2 0 |a správa verejná 
610 2 0 |a urbanizmus 
610 2 0 |a právo 
610 2 0 |a plánovanie 
610 2 0 |a plánovanie krajiny 
610 2 0 |a Česko